Statistiques concernant Quiz sur le livre Harry Potter et le Prisonnier d'Azkaban

Cliquez ici pour prendre le quiz!

Statistiques générales

  • Ce quiz a été pris 64 fois
  • Le résultat moyen est 16 sur 36

Statistiques - réponses

InformationRéponse% Correct
AuteureJK Rowling
100%
PersonnageHarry Potter
98%
PersonnageHermione Granger
98%
PersonnageRon Weasley
98%
PersonnageSirius Black
98%
PersonnageRemus Lupin
96%
PersonnageAlbus Dumbledore
94%
PersonnagePeter Pettigrow
85%
PersonnageSeverus Rogue
83%
Année de parution1998 et 1999
78%
Titre originalHarry Potter and the Prisoner of Azkaban
67%
Traducteur (Français)Jean-François Ménard
39%
Chapitre 10La carte du Maraudeur
39%
Chapitre 3Le Magicobus
39%
Chapitre 5Le Détraqueur
30%
Chapitre 4Le Chaudron Baveur
28%
PersonnageSibylle Trelawney
28%
Chapitre 2La grosse erreur de la tante Marge
26%
Chapitre 11L'Eclair de Feu
26%
Chapitre 22Encore du courrier
24%
Chapitre 20Le baiser du Détraqueur
24%
Chapitre 12Le Patronus
24%
Chapitre 13Gryffondor contre Serdaigle
22%
Chapitre 1Hibou express
22%
Chapitre 8La fuite de la grosse dame
22%
Chapitre 21Le secret d'Hermione
22%
Chapitre 18Lunard, Queudver, Patmol et Cornedrue
22%
Chapitre 15La finale de Quidditch
20%
Chapitre 6Coups de griffes et feuilles de thé
19%
Chapitre 19Le serviteur de Voldemort
19%
Chapitre 7Un épouvantard dans la penderie
19%
Chapitre 17Chat, rat et chien
17%
Chapitre 16La prédiction du professeur Trelawney
17%
Chapitre 14La rancune de Rogue
17%
Chapitre 9Sinistre défaite
17%
Nombre d'exemplaire vendus dans le monde entier61 millions
11%

Distribution des résultats

Percentile par nombre de réponses

% des personnes avec chaque résultat

Votre développement - résultats

Vous n’avez pas pris ce quiz